000 004680000a22001930004500
001 003926
003 MACL
005 20150911115814.0
008 150911b xxu||||| |||| 00| 0 eng d
040 _aMACL
_cMACL
041 _aEnglish
082 _a823/BAN
100 _aBanerjee, Bishnu Deb
_910049
245 _aHundred Meters
_cBishnu Deb Banerjee
260 _aDelhi
_c2001
_bUtility Books,
350 _a250
650 _aFiction
_910050
942 _k823
_cBK
_2ddc
999 _c15819
_d15819